ABBA de A à Z - Statistiques

Statistiques générales
  • Ce quiz a été pris 64 fois
  • Le résultat moyen est 10 sur 23
Statistiques - réponses
Lettre Titres % Correct
M Me and Boddy and Boddy's Brother/Merry-Go-Round/Man Vill Ju Leva Lite Dessemllan/My Mama Said/Mamma Mia/Man in the Middle/My Love, My Life/Money, Money, Money/Move On/Me and I
88%
D Disillusion/Dance/Dancing Queen/Dum Dum Diddle/Does Your Mother Know/Don't Shut Me Down
84%
W Wer Im Wartesaal Der Liebe Steht/Waterloo/Watch Out/What About Livingstone/When I Kissed The Teacher/Why Did It have to Be Me?/When All Is Said and Done/When You Dance Danced With Me
84%
T There's a Little Man/Tropical Loveland/That's Me/Tiger/Take a Chance on Me/The Name of the Game/Thank You for the Music/The King Has Lost His Crown/The Winner Takes It All/The Piper/The Way Old Friends Do/The Visitors/Two for the Price of One/The Day Before You Came
76%
G Gonna Sing You My Love Song/Gimme! Gimme! Gimme!
68%
F Fernando/From a Twinkling Star to a Passing Angel
66%
S She's My Kind of Girl/Santa Rosa/Sitting In the Palmtree/Suzy-Hang-Around/SOS/Summer Night City/Super Trouper/Soldiers/Slipping Through My Fingers/Should I Laugh or Cry
64%
A Another Town, Another Train/Arrival/As Good As new/Angel Eyes/Andante, Andante
50%
C Crazy World/Chiquitita
50%
L Love Isn't Easy/Lovers/Lovelight/Lay All Your Love On Me/Like an Angel Passing Through My Room/Little Things
50%
H He is Your Brother/Hej Gamle Man/Hasta Mañana/Honey, Honey/Hey, Hey Helen/Happy Hawaii/Hole In Your Soul/Happy New Year/Head Over Heels
46%
V Välkommen Till Världen/Voulez-vous
46%
O One Man, One Woman/On and On and On/Our Last Summer/One of Us/Ode To Freedom
44%
K King Kong Song/Knowing Me, Knowing You/Kisses of Fire/Keep An Eye On Dan
38%
I I Saw it in the Mirror/I Am Just a Girl/I Do, I Do, I Do, I Do, I Do/Intermezzo No. 1/I've Been Waiting for You/I Wonder/I'm a Marionette/I Have a Dream/If It Wasn't for the Nights/I Let the Music Speak/I Am the City/I Still Have Faith In You/I Can Be That Woman
36%
R Ring-Ring/Rock'n Roll Band/Rock Me
18%
B Bang-A-Boomerang/Bumblebee
16%
E En Hälsning Till Våra Parkarrangörer/Eagle/Elaine
16%
U Under Attack
10%
J Jag Är Blott En Man/Just A Notion
8%
P People Need Love/Pick a Bale of Cotton
8%
Y You Owe Me One
4%
N Nina, Pretty Ballerina/No Doubt About It
2%
Aucun quiz correspondant
Distribution des résultats
% des personnes avec chaque résultat
Percentile par nombre de réponses
Votre historique - résultats
Vous n’avez pas pris ce quiz